000 00784nam a2200253Ia 4500
003 OSt
005 20221005040000.0
006 a|||||r|||| 00| 0
007 ta
008 221004b |||||||| |||| 00| 0 eng d
020 _a8173043272 (hbk)
_c275
024 _a99967
037 _b5572, 26/11/2009, Efficient Book Distributors
_cTextual
040 _aCRL
_cCRL
_beng
041 _2eng
_aeng
082 _aQ0aY5927, P2
100 _aWebster John C.B.
245 0 _aReligion and dalit liberation
_b An examination of perspectives
260 _aDelhi
_bManohar India
_c1999
300 _a160p.
_ccm.
650 _aRELIGION
942 _hQ0aY5927, P2
_cTEXL
_2cc
999 _c946150
_d946150